Największe transfery sezonu 2013/14. - Statystyki

Ogólne statystyki
  • Ten quiz został rozwiązany 94 razy
  • Średni wynik to 8 z 10
Statystyki odpowiedzi
# Piłkarz Narodowość Klub oddający Kwota transferu Klub pozyskujący % Poprawnych
2 Neymar
88,00 mln €
99%
1 Gareth Bale
101,00 mln €
98%
3 Edinson Cavani
64,50 mln €
91%
4 Mesut Özil
47,00 mln €
90%
9 Gonzalo Higuaín
39,00 mln €
81%
10 Mario Götze
37,00 mln €
78%
5 James Rodríguez
45,00 mln €
72%
7 Radamel Falcao
43,00 mln €
70%
6 Juan Mata
44,73 mln €
57%
8 Fernandinho
40,00 mln €
49%
Nie znaleziono quizów pasujących do podanych kryteriów
Rozkład punktacji
Procent ludzi z każdym wynikiem
Percentyl według liczby udzielonych odpowiedzi
Twoja historia wyników
Nie rozwiązałeś tego quizu